Membri della NATO - Morte Improvvisa - Statistics

Statistiche generali
  • Questo quiz è stato fatto 16.398 volte
  • Il punteggio medio è 14 su 32
Answers on the Grid
Answers color-coded by a green-red scale on the quiz's grid according to % correct below.
Albania
Andorra
Belgio
Bielorussia
Bulgaria
Canada
Croazia
Danimarca
Estonia
Finlandia
Francia
Germania
Grecia
Islanda
Israele
Italia
Lettonia
Liechtenstein
Lituania
Lussemburgo
Macedonia del Nord
Messico
Moldavia
Monaco
Montenegro
Norvegia
Paesi Bassi
Polonia
Portogallo
Regno Unito
Repubblica Ceca
Romania
Russia
San Marino
Serbia
Slovacchia
Slovenia
Spagna
Stati Uniti
Svezia
Svizzera
Taiwan
Turchia
Ucraina
Ungheria
 
Statistiche sulle risposte
Risposta % Corretto
Francia
79%
Italia
78%
Germania
70%
Belgio
67%
Canada
63%
Danimarca
58%
Grecia
57%
Albania
47%
Paesi Bassi
47%
Stati Uniti
47%
Finlandia
46%
Spagna
46%
Croazia
44%
Regno Unito
44%
Norvegia
43%
Portogallo
42%
Estonia
41%
Polonia
38%
Repubblica Ceca
38%
Lettonia
37%
Islanda
34%
Svezia
34%
Lussemburgo
33%
Lituania
32%
Slovacchia
31%
Bulgaria
30%
Romania
30%
Slovenia
29%
Turchia
26%
Ungheria
25%
Macedonia del Nord
20%
Montenegro
16%
Nessun quiz corrispondente trovato
Distribuzione punteggi
Percentuale di utenti per punteggio
Percentile per numero di risposta
I tuoi punteggi nel tempo
Non hai fatto questo quiz